| 000 | 01064nam a2200229 i 4500 | ||
|---|---|---|---|
| 001 | 113442 | ||
| 003 | ES-MaACL | ||
| 005 | 20250928114906.0 | ||
| 007 | t| | ||
| 008 | 061121s1954 sp |||| | spa d | ||
| 100 | 1 |
_aPalacios, Leopoldo-Eulogio, _d1912-1981 _988410 |
|
| 245 | 1 | 0 |
_aDiscursos leídos en la Junta pública del martes 9 de noviembre de 1954, para inaugurar el curso académico 1954-55 / _cLeopoldo E. Palacios Rodríguez y Marcial Solana G. Camino. |
| 260 |
_aMadrid : _b[s. n.], _c1954. |
||
| 300 |
_a56 p. ; _c24 cm. |
||
| 594 | _aPrecede al tít.: Real Academia de Ciencias Morales y Políticas. | ||
| 594 | _aPalacios: Tema: Juan de Santo Tomás en la coyuntura de nuestro tiempo y la naturaleza de la ciencia moral. | ||
| 594 | _aSolana: Tema: Existencia y caracteres distintivos de la Filosofía española según Menéndez Pelayo. | ||
| 700 | 1 |
_aSolana, Marcial, _d1880-1958 _9107070 |
|
| 710 | 2 |
_aReal Academia de Ciencias Morales y Políticas (España) _9222050 |
|
| 852 |
_aES-MaACL _j1963-F-14 |
||
| 999 |
_c113442 _d113442 |
||